Burza cenných papierov v Bratislave ročenka 1998
Enregistré dans:
| Format: | Livre |
|---|---|
| Langue: | slovaque anglais |
| Publié: |
Bratislava
Burza cenných papierov v Bratislave
[1998]
|
| Sujets: | |
| Tags: |
Pas de tags, Soyez le premier à ajouter un tag!
|
MARC
| LEADER | 00000nam a2200000 4500 | ||
|---|---|---|---|
| 001 | c123969 | ||
| 005 | 20240410140936.4 | ||
| 020 | |a 80-968136-0-9 | ||
| 041 | 0 | |a slo | |
| 041 | 0 | |a eng | |
| 044 | |a SK | ||
| 245 | 1 | 0 | |a Burza cenných papierov v Bratislave |b ročenka 1998 |
| 264 | 1 | |a Bratislava |b Burza cenných papierov v Bratislave |c [1998] | |
| 300 | |a 47 s. | ||
| 610 | 2 | 0 | |a burzovníctvo |
| 610 | 2 | 0 | |a burzy |
| 610 | 2 | 0 | |a papiere cenné |
| 610 | 2 | 0 | |a trh kapitálový |
| 610 | 2 | 0 | |a obchody burzové |